Statistics for China Country Quiz

Click here to take the quiz!

General Stats

  • This quiz has been taken 40,656 times
  • The average score is 18 of 28

Answer Stats

Hint Answer % Correct
What is the capital of China?Beijing
98%
What former British colony was handed back to China in 1997?Hong Kong
92%
Branch of the Chinese language #1Mandarin
91%
What mythological animal is often used to represent China?Dragon
86%
Who was the first leader of communist China?Mao Zedong
84%
What is the full English name of the country of China?{People}'{s} {Republic}
of China
84%
What is China's national animal?Giant Panda
78%
Branch of the Chinese language #3Yue / Cantonese
76%
What are China's two longest rivers?Yellow
76%
What is the name of the compound where the emperor of China once lived?The {Forbidden} City
75%
What is China's largest desert?Gobi
74%
What was the former English-language spelling of that city?Peking
74%
What square was the site of democracy protests, and a bloody massacre, in 1989?{Tiananmen} Square
74%
What country did China annex in 1950?Tibet
73%
What are China's two longest rivers?Yangtze
70%
What former Portuguese colony returned to China in 1999?Macau
70%
Who was the most influential philosopher in ancient China?Confucius
68%
What were the four "Great Inventions" of ancient China?Gunpowder
66%
What were the four "Great Inventions" of ancient China?Papermaking
59%
What is the currency of China?Renminbi
57%
There are twelve animals in the Chinese zodiac. Which one comes first?Rat
57%
What religion / philosophical tradition follows the teachings of Laozi?Taoism
53%
What is China's tallest mountain?Mount Everest
49%
What is the informal name of the northeasternmost part of China?Manchuria
42%
Branch of the Chinese language #2Wu / Shanghainese
36%
What is China's largest island?Hainan
32%
What were the four "Great Inventions" of ancient China?Compass
26%
What were the four "Great Inventions" of ancient China?Printing
26%

Score Distribution

Percentile by Number Answered

Percent of People with Each Score

Your Score History

You have not taken this quiz